Responses for Show #9039 - Thursday, February 15, 2024

2024 Champions Wildcard Group 2 quarterfinal game 9.

Contestants

[<< previous game]

David Bederman, an attorney from Los Angeles, California

James Tyler, a senior editor from Blandon, Pennsylvania

Diandra D'Alessio, a technical writer from Montreal, Quebec, Canada

[next game >>]

Jeopardy! Round responses

AROUND THE WORLD
JACKSON
CHEMISTRY TEST
POP MUSIC
SAFE MODE
"F"8
(Ken: These are 8-letter words beginning with the letter F.)
    $200 28
the Great Wall of China

James
    $200 26
$20

Diandra
    $200 30
oxygen

James
    $200 23
Taylor Swift

Diandra
    $200 29
a painting

James
    $200 21
folklore

Diandra
    $400 27
(David: What is Saskatchewan?)
(Diandra: What is Alberta?)
...
(Ken: Diandra, you missed the Canadian province question.)

Ontario

DiandraDavid
Triple Stumper
    $400 24
Percy Jackson

James
    $400 25
inorganic

Diandra
    $400 22
Bad Bunny

David
    $400 19
a safe cracker

James
    $400 20
a flagship

James
    $600 3
Kampala

Diandra
    $600 12
Wyoming

David
    $600 11
reaction

Diandra
    $600 8
Katy Perry

David
    $600 15
a gun safe

James
    $600 16
freeform

Diandra
    $1,000 1
the Gulf of Tonkin

Diandra
    $800 4
a guitar

James
    $800 9
manganese

Diandra
    $800 6
Billie Eilish

Diandra
    $800 14
Fremont

David
    $800 17
fluorine

James
    $1000 2
the Alhambra

David
    $1000 5
gospel

Triple Stumper
    $1000 10
a mole

David
    $1000 7
Doja Cat

Diandra
    $1000 13
Sentry

Triple Stumper
    $1000 18
fandango

Diandra

Scores at the first commercial break (after clue 15):

Diandra James David
$4,800 $1,400 $4,000

Scores at the end of the Jeopardy! Round:

Diandra James David
$7,000 $4,000 $4,000

Double Jeopardy! Round responses

DEALING WITH THINGS DIPLOMATICALLY
POP CULTURE
WHERE DID THAT COME FROM?
MISCELLANEOUS KNOWLEDGE
ONE-WORD PLAY TITLES
THOSE WORDS PACKED SOMETHING TO EAT
(Ken: Each response will have something edible inside it.)
    $400 30
(David: What is St. Augustine?)

New Orleans

David
Triple Stumper
    $400 22
Barbie

David
    $400 29
Glue

Diandra
    $400 28
Antarctica

Diandra
    $400 24
Dylan

David
    $400 27
scorned

James
    $5,000 21
Sparta

Diandra
    $800 13
Babe Ruth

James
    $800 17
a fire hydrant

James
    $800 25
Juilliard

Diandra
    $800 23
Copenhagen

James
    $800 26
dappled

James
    $1200 18
Haiti

David
    $1200 12
(David: Who is Aunt Jemima?)

Mrs. Butterworth

DiandraDavid
    $1200 14
Bop It

Diandra
    $1200 9
the Pan American Games

David
    $1200 4
Macbeth

Diandra
    $1200 1
[James selected the first clue.]
(Diandra: What is cheese cloth?)

a chamois

DiandraJames
    $1600 19
(David: What is Yemen?)

Syria

David
Triple Stumper
    $1600 10
Jazzercise

David
    $1600 15
a stent

James
    $1600 7
(James: What is Sputnik?)

Soyuz

JamesDavid
    $1600 5
Pygmalion

Diandra
    $1600 2
(David: What's the wheel?)

keelhauling

David
Triple Stumper
    $2000 20
Hammarskjöld

Diandra
    $2000 11
Mitski

Diandra
    $2000 16
Trinidad

James
    $2000 8
(Ken: Lincoln's predecessor, yes.)

Buchanan

David
    $3,000 6
Doubt

Diandra
    $2000 3
impiety

James

Scores at the end of the Double Jeopardy! Round:

Diandra James David
$24,600 $12,800 $7,600

[wagering suggestions for these scores]

Final Jeopardy! Round responses

LANDMARKS
(Ken: [To David] What is the Eiffel Tower? Sorry, that's not correct; quite a bit taller than it is wide.)
...
(Ken: [To James] What is Christ the Redeemer? The statue in South America?)
...
(Ken: This is [*] in St. Louis; you can actually inscribe the arch in a square.)
DavidWhat is the Eiffel Tower
$7,600
JamesWhat is Christ the Redeemer?
$12,800
DiandraWhat is the Eiffel Tower?
$1,001
the Gateway Arch

Final scores:

Diandra James David
$23,599 $0 $0
Winner: semifinalist 2nd place: $5,000 3rd place: $5,000

Game dynamics:

Coryat scores:

Diandra James David
$19,200 $12,800 $7,600
23 R
(including 3 DDs),
2 W
18 R,
1 W
13 R,
5 W

Combined Coryat: $39,600

[game clues] [game scores] [suggest correction]

Game tape date: 2024-01-18
The J! Archive is created by fans, for fans. Scraping, republication, monetization, and malicious use prohibited; this site may use cookies and collect identifying information. See terms. The Jeopardy! game show and all elements thereof, including but not limited to copyright and trademark thereto, are the property of Jeopardy Productions, Inc. and are protected under law. This website is not affiliated with, sponsored by, or operated by Jeopardy Productions, Inc. Join the discussion at JBoard.tv.